000 00448nam a2200193Ia 4500
005 20250423095725.0
008 250422s9999 xx 000 0 und d
020 _a978-0-13-175553-6
050 _aQD 151.2 .H68/
100 _aHousecroft, Catherine E.
245 0 _aInorganic chemistry
250 _a3rd ed.
260 _aHarlow
260 _bPearson Education
260 _c2008
300 _a1097 p
650 _aScience
942 _cBK
999 _c31140
_d31140